| 000 | 00631cab a2200193 4500 | ||
|---|---|---|---|
| 001 | WB2527-35 | ||
| 008 | 090401t1989 xxu||||| |||| 00| 0 eng d | ||
| 035 | _a(Sirsi) u76125 | ||
| 041 | _aeng | ||
| 245 | _aRelief for capital gains tax | ||
| 260 | _c1989 | ||
| 350 | _a0 | ||
| 490 |
_aTimes _v11/7/89 p36 |
||
| 520 | _aRichart (Inspector of Taxes) v J Lyons & Co Ltd CA 29 June 1989 concerns the formula for calculating the amount of partial " roll-over " relief under Finance Act 1965 s33(1) and (8) for capital gains tax . | ||
| 650 | _aFINANCE ACT 1965 S33 8 | ||
| 690 | _aTAXATION | ||
| 942 | _n0 | ||
| 948 | _c04/03/1997 | ||
| 999 |
_c47901 _d47901 |
||